书目信息 |
| 题名: |
休闲食品生产工艺与配方
|
|
| 作者: | 高海燕 , 孙晶 主编 | |
| 分册: | ||
| 出版信息: | 北京 化学工业出版社 2021.1 |
|
| 页数: | 221页 | |
| 开本: | 21cm | |
| 丛书名: | ||
| 单 册: | ||
| 中图分类: | TS201.1 , TS205 | |
| 科图分类: | ||
| 主题词: | 食品工艺学 , 食品加工--配方 | |
| 电子资源: | ||
| ISBN: | 978-7-122-24709-4 | |
| 000 | 00922nam0 2200265 45 | |
| 001 | 012001000920 | |
| 005 | 20140912095342.0 | |
| 010 | @a978-7-122-24709-4@dCNY29.90 | |
| 100 | @a20151027d2015 em y0chiy50 ea | |
| 101 | 0 | @achi |
| 102 | @aCN@b110000 | |
| 105 | @ay z 000yy | |
| 106 | @ar | |
| 200 | 1 | @a休闲食品生产工艺与配方@Axiu xian shi pin sheng chan gong yi yu pei fang@b专著@f高海燕,孙晶主编 |
| 210 | @a北京@c化学工业出版社@d2021.1 | |
| 215 | @a221页@d21cm | |
| 330 | @a本书系统阐述了休闲食品生产中常 用的原辅料、生产工艺与配方,并深入浅出地介绍了储藏、检验等内容,以及加工过程中必不可少的相关理论知识,使整体内容既体现系统性、科学性,又注重实用性。 | |
| 606 | 0 | @a食品工艺学 |
| 606 | 0 | @a食品加工@x配方 |
| 690 | @aTS201.1@v5 | |
| 690 | @aTS205@v5 | |
| 701 | 0 | @a高海燕@Agao hai yan@4主编 |
| 701 | 0 | @a孙晶@Asun jing@4主编 |
| 801 | 0 | @aCN@bBJSDL@c20211011 |
| 905 | @b1332379-82@dTS201.1@e378@f4 | |
| 休闲食品生产工艺与配方/高海燕,孙晶主编.-北京:化学工业出版社,2021.1 |
| 221页;21cm |
| ISBN 978-7-122-24709-4:CNY29.90 |
| 本书系统阐述了休闲食品生产中常 用的原辅料、生产工艺与配方,并深入浅出地介绍了储藏、检验等内容,以及加工过程中必不可少的相关理论知识,使整体内容既体现系统性、科学性,又注重实用性。 |
| ● |
| 相关链接 |
|
|
|
|
正题名:休闲食品生产工艺与配方
索取号:TS201.1/378
 
预约/预借
| 序号 | 登录号 | 条形码 | 馆藏地/架位号 | 状态 | 备注 |
| 1 | 1332379 | 213323795 | 第二样本阅览室/ [索取号:TS201.1/378] | 在馆 | |
| 2 | 1332380 | 213323802 | 第三借阅区/ [索取号:TS201.1/378] | 在馆 | |
| 3 | 1332381 | 213323811 | 第三借阅区/ [索取号:TS201.1/378] | 在馆 | |
| 4 | 1332382 | 213323820 | 第三借阅区/ [索取号:TS201.1/378] | 在馆 |